00449 2200181 4500001002100000005001500021008004100036020002200077035001900099041000700118082001000125090001600135100001700151245003500168260003800203300001700241650000900258INLIS00000000000264520241224112557241224||||||||| | ||| |||| || |  a978-602-836-200-9 0010-1224002645 aid0 a772.5 a772.5 YUL m0 aOscar Yulius00aMelipat Menggunting Mewarnai 1 aYogyakartabkendi mas mediac2008 a39 hlm;28 cm 0aSeni